[Event "HUN-chT2 Breyer 1415"]
[Site "Hungary"]
[Date "2015.01.25"]
[Round "?"]
[White "Kelemen, Szabolcs"]
[Black "Vorosvaczki, Daniel"]
[Result "1-0"]
[WhiteElo "1440"]
[BlackElo "1425"]
[PlyCount "53"]
[EventDate "2014.09.07"]
[EventType "team-tourn"]
[EventRounds "11"]
[EventCountry "HUN"]
[SourceTitle "EXT 2016"]
[Source "ChessBase"]
[SourceDate "2015.10.08"]
[SourceVersion "1"]
[SourceVersionDate "2015.10.08"]
[SourceQuality "1"]
[WhiteTeam "Torokbalint"]
[BlackTeam "Nyergesujfalu"]
[WhiteTeamCountry "HUN"]
[BlackTeamCountry "HUN"]

1. e4 e5 2. Nf3 Nc6 3. d4 d6 4. d5 Nb4 5. c4 Nf6 6. Qa4+ Bd7 7. Qxb4 Nxe4 8. Bd3 Nc5 9. Bc2 Qf6 10. Bg5 a5 11. Qd2 Qxf3 12. gxf3 h6 13. Be3 g5 14. Bxc5 dxc5 15. Qe3 Bd6 16. h4 0-0-0 17. hxg5 hxg5 18. Rxh8 Rxh8 19. Qxg5 Rh1+ 20. Kd2 Bh3 21. Qg8+ Kd7 22. Qxf7+ Kd8 23. Bg6 Bd7 24. Nc3 Rxa1 25. Qf6+ Be7 26. Qh8+ Be8 27. Qxe8# 1-0